00544nam a2200157 a 450000100100000000500170001000800410002702000150006804000250008310000220010824500800013026000530021030000210026350400730028470000290035700004282820201002040428.0140210s1986 mx 000 0 spa d a9684070020 aDO-SdBNPbspacBNPHU1 aVidali, Victtorio10aComandante Carlos /cVicttorio Vidali ; traducción de Cristina Cámpora. aMéxico :bEdiciones de Cultura Popular,c1986. a135 p. ;c21 cm. aIncluye referencias bibliográficas y notas al pie de las páginas1 aCámpora, Cristinaetr.